000
00419nam a2200133Ia 4500
008
151001s9999||||xx |||||||||||||| ||und||
100
_a
उषादेवी विजय कोल्हाटकर
245
_a
एका मुकीची बोलकी कहाणी
250
_a
1
260
_b
संजय प्रकाशन पुणे
260
_c
1979
300
_a
175
365
_b
18
999
_c
966171
_d
966168